| 000 | 00000nam##2200000za#4500 |
| 001 | 9.622199 |
| 003 | CaOODSP |
| 005 | 20200401035158 |
| 007 | ta |
| 008 | 150406|1993||||xxc||||| f|0| 0 fre|d |
| 040 | |aCaOODSP|bfre |
| 043 | |an-cn--- |
| 086 | 1 |aFs97-6/1912F |
| 110 | 1 |aCanada. |bMinistère des pêches et des océans. |
| 245 | 10|aDescription histologique du développement des ovocytes chez le maquereau bleu (Scomber scombrus L.) du golfe du Saint-Laurent / |cpar Isabelle d'Auteuil et François Grégoire. |
| 260 | |aOttawa - Ontario : |bPêches et Océans Canada |c1993. |
| 300 | |a23p. : |bplaques en couleur, figures, références, tableaux ; |c28 cm. |
| 490 | 1 |aRapport technique canadien des sciences halieutiques et aquatiques|v1912 |
| 500 | |aPréparé à la Division des poissons et de l'océanographie des pêches, Ministère des Pêches et des Océans, Institut Maurice-Lamontagne, C.P. 1000, 850, route de la Mer, Mont-Joli (Québec) G5H 3Z4. |
| 546 | |aAbstracts in English |
| 563 | |aCouverture souple |
| 691 | 07|aPêcheries|2gcpds |
| 691 | 07|aPoisson de mer|2gcpds |
| 720 | 1 |aGrégoire, François |
| 720 | 1 |aD'Auteuil, Isabelle |
| 776 | 0#|tDescription histologique du développement des ovocytes chez le maquereau bleu (Scomber scombrus L.) du golfe du Saint-Laurent / |w(CaOODSP)9.604010 |
| 830 | #0|aRapport technique canadien des sciences halieutiques et aquatiques ;|v1912|w(CaOODSP)9.513051 |